Animaniacs vs Sporcle Quiz Stats

Quiz Updated Sep 4, 2012

Challenge
Share
Tweet
Embed
Score 0/27 Timer 06:00
0 Plays Today
% Correct
Puerto Rico
56.9%
Guam
56.2%
Greenland
53.7%
Czechoslovakia
53.7%
Scotland
53.3%
Yugoslavia
52.9%
England
44.1%
Zaire
43.8%
Bermuda
41.5%
Caribbean
39.1%
Tibet
38.5%
San Juan
37.3%
Hong Kong
36.9%
Korea
36%
% Correct
Borneo
35.9%
Transylvania
35.5%
Kampuchea
34.6%
French Guiana
32.8%
Sumatra
31.4%
Crete
30.5%
Dahomey
29.4%
Congo
29.1%
Cayman
29.1%
Algier
28.3%
Abu Dhabi
25.5%
Mahore
25%
New Guinea
24.8%

You're not logged in!

Compare scores with friends on all Sporcle quizzes.
Join for Free
OR
Log In

You Might Also Like...

Show Comments

Extras

Top Quizzes Today


Score Distribution

Your Account Isn't Verified!

In order to create a playlist on Sporcle, you need to verify the email address you used during registration. Go to your Sporcle Settings to finish the process.

Report this User

Report this user for behavior that violates our Community Guidelines.

Details: